000 00848nam a2200301Ia 4500
008 160803s9999 xx 000 0 und d
020 _a978-0439493017
100 _aGauthier, Gail
245 4 _aThe hero of Ticonderoga /
245 _cGail Gauthier.
260 _aNew York :
260 _bScholastic Inc.
260 _c2001
300 _a231 pages ;
300 _c20 cm
500 _a"This edition is only available for distribution through the school market"--Page 4 of cover.
650 _aAllen, Ethan, -- 1738-1789 --
650 _aSchools --
650 _aSchools --
650 _aTeacher-student relationships --
650 _aVermont --
650 _xFiction.
650 _xJuvenile fiction.
650 _xJuvenile fiction.
650 _xJuvenile fiction.
650 _xJuvenile fiction.
700 _a850
999 _c298451
_d298451